000 00489nam a2200181Ia 4500
003 GCL
008 140319s9999 xx 000 0 ara d
040 _aGCL /
_cGCL
082 0 4 _a891.7
_bت د
100 1 _aشكرى محمد عياد
245 1 0 _aدخان /
_cشكرى محمد عياد
700 1 _aتورجنيف، ايفان
300 _a217 ص
490 _a
650 0 4 _aالقصص الروسية المترجمة
650 0 4 _aالقصص الروسية
942 _2ddc
_cBK
999 _c42704
_d42704